Google Maps -Top Level Cities - Statistics

General Stats
  • This quiz has been taken 51 times
  • The average score is 96 of 130
Answer Stats
Hint Answer % Correct
Norway Oslo
97%
Germany Berlin
95%
Egypt Cairo
95%
Portugal Lisbon
95%
Mexico Mexico City
95%
France Paris
95%
Poland Warsaw
95%
New Zealand Wellington
95%
Greece Athens
92%
China Beijing
92%
Cuba Havana
92%
United Kingdom London
92%
Philippines Manila
92%
India Mumbai
92%
Japan Osaka
92%
Italy Rome
92%
Australia Sydney
92%
Iran Tehran
92%
Algeria Algiers
90%
New Zealand Auckland
90%
Thailand Bangkok
90%
Spain Barcelona
90%
Colombia Bogota
90%
Brazil Brasilia
90%
Argentina Buenos Aires
90%
Turkey Istanbul
90%
Indonesia Jakarta
90%
South Africa Johannesburg
90%
Ukraine Kiev
90%
Malaysia Kuala Lumpur
90%
Peru Lima
90%
Spain Madrid
90%
France Marseille
90%
United States New York
90%
Iceland Reykjavik
90%
Sweden Stockholm
90%
Canada Toronto
90%
Mongolia Ulaanbaatar
90%
Turkey Ankara
87%
Australia Brisbane
87%
Australia Canberra
87%
South Africa Cape Town
87%
Nigeria Lagos
87%
Bolivia La Paz
87%
Australia Melbourne
87%
Kenya Nairobi
87%
Australia Perth
87%
Russia St. Petersburg
87%
Tunisia Tunis
87%
Canada Vancouver
87%
Jordan Amman
85%
Kazakhstan Astana
85%
Venezuela Caracas
85%
United States Chicago
85%
Angola Luanda
85%
Ecuador Quito
85%
Austria Vienna
85%
United States Washington DC
85%
Ghana Accra
82%
Australia Adelaide
82%
Kazakhstan Almaty
82%
Paraguay Asuncion
82%
Canada Edmonton
82%
India Hyderabad
82%
Saudi Arabia Jeddah
82%
United States Los Angeles
82%
Colombia Medellin
82%
Mexico Monterrey
82%
Canada Montreal
82%
Russia Moscow
82%
Brazil Sao Paulo
82%
Tanzania Dar es Salaam
79%
South Africa Durban
79%
Mexico Guadalajara
79%
Vietnam Hano
79%
Vietnam Ho Chi Minh City
79%
Uganda Kampala
79%
United States San Francisco
79%
Brazil Belo Horizonte
77%
United States Boston
77%
Argentina Cordoba
77%
Zimbabwe Harare
77%
Papua New Guinea Port Moresby
77%
Cameroon Yaoundé
77%
India Bangalore
74%
Kyrgyzstan Bishkek
74%
Canada Calgary
74%
United States Dallas
74%
Australia Hobart
74%
Zambia Lusaka
74%
Brazil Manaus
74%
United States Miami
74%
Japan Sapporo
74%
United States Seattle
74%
Canada Winnipeg
74%
Kenya Mombasa
72%
Mauritius Port Louis
72%
Colombia Cali
69%
Indonesia Surabaya
67%
Russia Yekaterinburg
67%
United States Houston
64%
China Chongqing
62%
Russia Kazan
59%
United States Las Vegas
59%
Russia Novosibirsk
59%
Russia Omsk
59%
Cuba Santiago
56%
United States Honolulu
54%
Russia Irkutsk
51%
United States Anchorage
49%
Brazil Curitiba
49%
Norway - Svalbard Longyearbyen
49%
Brazil Goiania
46%
Russia Chelyabinsk
44%
Russia Yakutsk
44%
Russia Krasnoyarsk
36%
Russia Ulan-Ude
33%
South Africa Gqeberha
31%
United States Fairbanks
26%
Indonesia Jayapura
26%
Russia Tomsk
26%
Russia Tyumen
26%
Norway - Svalbard Barentsburg
23%
United States Hilo
23%
Chile - Easter Island Hanga Roa
21%
Federated States of Micronesia Kolonia
15%
Russia Chita
13%
Russia Saskylakh
5%
Russia Bratsk
3%
Russia Yelizovo
3%
No matching quizzes found
Score Distribution
Percent of People with Each Score
Percentile by Number Answered
Your Score History
You have not taken this quiz